000 00526nam a2200217Ia 4500
008 160517s9999 xx 000 0 und d
020 _a81-7648-541-1
050 _aComSc QA 76.758
050 _b.S53 2004
100 _aSharma, Pankaj.
245 _aSoftware engineering /
245 _cPankaj Sharma.
260 _aNew Delhi :
260 _bAPH. Pub. Corp.,
260 _c2004
300 _a363 pages :
300 _bill. ;
300 _c22 cm.
500 _aIncludes index.
650 _aSoftware engineering.
999 _c294204
_d294204